Flag to Random Border #1 - Statistics

General Stats
  • This quiz has been taken 22 times
  • The average score is 11 of 12
Answer Stats
Picture Answer % Correct
India | China
100%
Albania | North Macedonia | Bulgaria | Turkey
95%
Guatemala | Belize | United States of America
95%
Peru | Bolivia | Argentina
95%
Armenia | Iran | Georgia | Russia
90%
Belgium | Germany | France
90%
Austria | Switzerland
85%
Haiti
85%
Nicaragua | Panama
85%
China | Afghanistan | Uzbekistan | Kyrgyzstan
80%
Namibia | Zambia | South Africa | Zimbabwe
80%
Oman | Saudi Arabia
80%
No matching quizzes found
Score Distribution
Percent of People with Each Score
Percentile by Number Answered
Your Score History
You have not taken this quiz